Nikki / (Record no. 796179)

MARC details
000 -LEADER
fixed length control field 00636nam a22002297b 4500
003 - CONTROL NUMBER IDENTIFIER
control field 3228
005 - DATE AND TIME OF LATEST TRANSACTION
control field 20260409132130.0
008 - FIXED-LENGTH DATA ELEMENTS--GENERAL INFORMATION
fixed length control field 260409b sa ||||j |||| 00| 1 AFR d
020 ## - INTERNATIONAL STANDARD BOOK NUMBER
International Standard Book Number 9780628037350 (paperback)
040 ## - CATALOGING SOURCE
Original cataloging agency MPL
Language of cataloging eng
Transcribing agency 2000
Description conventions Resource Description and Access
041 ## - LANGUAGE CODE
Language code of text/sound track or separate title Afrikaans
082 #0 - DEWEY DECIMAL CLASSIFICATION NUMBER
Classification number ATF SCHE
100 ## - MAIN ENTRY--PERSONAL NAME
9 (RLIN) 44965
Personal name Scheeres, Solet
Relator term author
245 ## - TITLE STATEMENT
Title Nikki /
Statement of responsibility, etc. Solet Scheeres
260 ## - PUBLICATION, DISTRIBUTION, ETC.
Place of publication, distribution, etc. Midrand :
Name of publisher, distributor, etc. Perskor Uitgewers ,
Date of publication, distribution, etc. ©1999.
300 ## - PHYSICAL DESCRIPTION
Extent 142 pages :
Dimensions 20 cm
490 ## - SERIES STATEMENT
Series statement Klub 17
655 #0 - INDEX TERM--GENRE/FORM
9 (RLIN) 188476
Genre/form data or focus term Youth Fiction
655 #0 - INDEX TERM--GENRE/FORM
9 (RLIN) 188670
Genre/form data or focus term Human Relations Fiction
655 #0 - INDEX TERM--GENRE/FORM
9 (RLIN) 188216
Genre/form data or focus term Light Romance
942 ## - ADDED ENTRY ELEMENTS
Source of classification or shelving scheme Dewey Decimal Classification
item type Books
-- 296
-- Phillipina Naude
-- 296
-- Phillipina Naude
Holdings
Withdrawn status Lost status Source of classification or shelving scheme Damaged status Not for loan Collection code Home library Current library Shelving location Date acquired Total Checkouts Full call number Barcode Date last seen Price effective from item type Public note
    Dewey Decimal Classification     Fiction Klipfontein PL (MMID-PLEM-KLIP) Klipfontein PL (MMID-PLEM-KLIP) Children's Area 09.04.2026   ATF SCHE 139422 09.04.2026 09.04.2026 Books DC124106